000 00259nam a22000857a 4500
999 _c521889
_d521889
100 _aHulme, David
_936164
245 _aChronic Poverty :
_bMeanings and Analytical Frameworks
260 _aNew delhi
_bIndian Institute Of Public Administration
_c2004
300 _a54p.